Soviet Union Leaders By Picture - Statistics

General Stats
  • This quiz has been taken 533 times
  • The average score is 6 of 8
Answer Stats
Picture Answer % Correct
Joseph Stalin
100%
Vladimir Lenin
92%
Mikhail Gorbachev
91%
Leonid Brezhnev
78%
Nikita Khrushchev
77%
Yuri Andropov
62%
Konstantin Chernenko
48%
Georgy Malenkov
37%
No matching quizzes found
Score Distribution
Percent of People with Each Score
Percentile by Number Answered
Your Score History
You have not taken this quiz